Κατάλογος Βιβλιοθηκών Mediterranean College

Το IT Μονόδρομος για την Ανάπτυξη της Χώρας / Ξεκάθαρη Στρατηγική και Πλήθος IT Υπηρεσιών και Λύσεων Σημαίνει Εμπιστοσύνη (Record no. 9249)

MARC details
000 -LEADER
fixed length control field 01905cam a22001934a 4500
005 - ΗΜΕΡΟΜΗΝΙΑ ΚΑΙ ΩΡΑ ΤΕΛΕΥΤΑΙΑΣ ΕΝΗΜΕΡΩΣΗΣ
Πεδίο ελέγχου 20250605164357.0
008 - FIXED-LENGTH DATA ELEMENTS--GENERAL INFORMATION
Πεδίο ελέγχου σταθερού μήκους 250528s ||||||||||||||||||||||||d
035 ## - SYSTEM CONTROL NUMBER
System control number 24361
040 ## - ΠΗΓΗ ΚΑΤΑΛΟΓΟΓΡΑΦΗΣΗΣ
Φορέας πρωτότυπης καταλογογράφησης MC Athens Campus Library
Γλώσσα καταλογογράφησης Ελληνικά, Μοντέρνα (1453-)
Modifying agency MC Athens Campus Library
Κανόνες περιγραφικής καταλογογράφησης AACR2
245 1# - ΤΙΤΛΟΣ ΚΑΙ ΔΗΛΩΣΗ ΥΠΕΥΘΥΝΟΤΗΤΑΣ
Τίτλος Το IT Μονόδρομος για την Ανάπτυξη της Χώρας / Ξεκάθαρη Στρατηγική και Πλήθος IT Υπηρεσιών και Λύσεων Σημαίνει Εμπιστοσύνη
260 ## - PUBLICATION, DISTRIBUTION, ETC.
Date of publication, distribution, etc. 2017
300 ## - PHYSICAL DESCRIPTION
Extent 50
520 ## - SUMMARY, ETC.
Summary, etc. Το Cloud είναι Πέον Mainstream, Το IT Μονόδρομος για την Ανάπτυξη της Χώρας, Παράδοξα της Ψηφιακής Οικονομίας, IT Συστήματα και Ρεαλιστικές Απαιτήσεις, CIO Vs CFO: Φίλο ή Εχθροί, Η Lean Μεθοδολογία Κλειδί για την Επιχειρηματική Αριστεία, Ένας Γενναίος Νέος Κόσμος Αναδύεται στην Παγκόσμια Τραπεζική Αγορά, Οικονομική Διεύθυνση Αλλιώς - Νεόι Ρόλοι και Διαδικασίες, ICS Systems: Εχθρός προ των Πυλών, Ζητούνται Information Security Professionals, Big Dat 2017: Όταν το Meta είναι το Αμέσως Μετά, Η Εμπιστοσύνη Κερδίζεται από το Εύρος των IT Υπηρεσιών και Λύσεων, Το IoT από τη Σκοπιά του ITSM, Χωρούν τα 2G - 3G - LTE και 5G στο Υπό Διαμόρφωση IoT Τοπίο, 3+1 Πονοκέφαλοι που Κρατούν τους CEOs Ξύπνιους τη Νύχτα, Νόμος είναι το Δίκιο των Ρομπότ.
700 1# - ΠΡΟΣΘΕΤΗ ΑΝΑΓΡΑΦΗ--ΦΥΣΙΚΟ ΠΡΟΣΩΠΟ
Personal name Μαρκέτος Παναγιώτης
9 (RLIN) 9453
700 1# - ΠΡΟΣΘΕΤΗ ΑΝΑΓΡΑΦΗ--ΦΥΣΙΚΟ ΠΡΟΣΩΠΟ
Personal name Μπούσιας Μιχάλης Κ
9 (RLIN) 9357
942 ## - ADDED ENTRY ELEMENTS (KOHA)
Koha item type Περιοδικά Δημοσιεύματα
Holdings
Τύπος τεκμηρίου Βιβλιοθήκη Τρέχουσα τοποθεσία Barcode Ημερομηνία απόκτησης Ταξιθετικό σύμβολο Αριθμός αντιτύπου Αρίθμηση σειρών / χρονολογία Κατάσταση απόσυρσης Κατάσταση χαμένου Κατάσταση κατεστραμμένου Μη δανεισμός Σύνολο δανεισμών Ημερομηνία τελευταίας εμφάνισης Η τιμή ισχύει από
Περιοδικά Δημοσιεύματα MC Athens Campus Library MC Athens Campus Library 9780000092489 05/06/2025 NETWEEK 1 401           05/06/2025 05/06/2025

MC Athens Campus Library
Πατησίων 94 & Κοδριγκτώνος 13, 104 34
Πελλήνης 8 & Πατησίων 107, 112 51
Τ: +30 210 8899600

MC Thessaloniki Campus Library
Ίωνος Δραγούμη 21, 54625 | Ίωνος Δραγούμη 15, 54625
Τ: +30 2310 287779 – Τ: +30 2314 440300